| 000 | 01985nam a2200301 a 4500 | ||
|---|---|---|---|
| 001 | 82005 | ||
| 003 | BD-RjUL | ||
| 005 | 20230927103907.0 | ||
| 008 | 230927s2007 bg ||||| m||| 00| 0 ben d | ||
| 035 | _a(BD-RjUL)82005 | ||
| 040 |
_aBD-RjUL _bben/eng _cBD-RjUL _dBD-RjUL |
||
| 041 | _aben | ||
| 082 |
_223 _a891.44209 _bHOB 2007 |
||
| 100 |
_aহোসেন, মো: ফরহাদ _93033 |
||
| 245 |
_aবাংলা নাট্যসাহিত্যে মুনীর চৌধুরীর অবদান / _cমো: ফরহাদ হোসেন _6তত্ত্বাবধায়ক : আবদুল মতিন তালুকদার,সহ-তত্ত্বাবধায়ক : মো: আখতার হোসেন |
||
| 246 | _aContribution of Munir Chowdhury to Bengali drama literature / | ||
| 260 |
_aরাজশাহী : _bনাট্যকলা ও সঙ্গীত বিভাগ, রাজশাহী বিশ্ববিদ্যালয়, _c২০০৭ |
||
| 300 |
_axi, ৪১১ পাতা ; _c২৯ সেমি. |
||
| 502 | _aথিসিস (পিএইচ. ডি.)-- নাট্যকলা ও সঙ্গীত বিভাগ, রাজশাহী বিশ্ববিদ্যালয়,২০০৭ | ||
| 504 | _aগ্রন্থপঞ্জি: পাতা ৩৯৭-৪১১ | ||
| 600 |
_aচৌধুরী, মুনীর _d১৯২৫-১৯৭১ _cসমালোচনা ও ব্যাখা _99247 |
||
| 600 |
_aChowdhury, Munir _d1925-1971 _cCriticism and Interpretation _99248 |
||
| 600 |
_aবাংলা নাটক _xইতিহাস ও সমালোচনা _99249 |
||
| 600 |
_aBengali Drama _xHistory and Criticism _99250 |
||
| 700 |
_aতালুকদার, আবদুল মতিন, তত্ত্বাবধায়ক _9928 |
||
| 700 |
_aহোসেন, মো: আখতার, সহ-তত্ত্বাবধায়ক _99251 |
||
| 942 |
_2ddc _cTHE |
||
| 999 |
_c82005 _d82005 |
||